[Event "Titled Tuesday intern op 25th Jul Late"]
[Site "Chess.com INT"]
[Date "2023.07.25"]
[Round "1"]
[White "Principe, Alexander"]
[Black "Oliveira, Tiago"]
[Result "1-0"]
[WhiteElo "2295"]
[BlackElo "1971"]
[PlyCount "63"]
[EventDate "2023.07.25"]
[EventType "swiss (blitz)"]
[EventRounds "11"]
[EventCountry "USA"]
[SourceTitle "EXT 2024"]
[Source "ChessBase"]
[SourceDate "2023.10.10"]
[SourceVersion "1"]
[SourceVersionDate "2023.10.10"]
[SourceQuality "1"]

1. e4 e5 2. Nf3 Nc6 3. d4 exd4 4. Nxd4 Nf6 5. Nxc6 bxc6 6. e5 Qe7 7. Qe2 Nd5 8. c4 Ba6 9. b3 Qh4 10. a3 Bc5 11. g3 Qe7 12. Bb2 0-0 13. Bg2 f6 14. 0-0 fxe5 15. Nd2 Rae8 16. Ne4 Nf6 17. Rad1 d6 18. Nxc5 dxc5 19. Bxc6 Rd8 20. Rfe1 Rxd1 21. Qxd1 Bc8 22. Rxe5 Qd6 23. Bd5+ Kh8 24. Qe2 Bg4 25. f3 Bd7 26. Re7 c6 27. Bf7 Bh3 28. Rxa7 Rd8 29. Re7 Qd1+ 30. Qxd1 Rxd1+ 31. Kf2 Rd2+ 32. Re2 1-0

[Event "Titled Tuesday intern op 14th Feb Late"]
[Site "Chess.com INT"]
[Date "2023.02.14"]
[Round "6"]
[White "Li, Hui"]
[Black "Oliveira, Tiago"]
[Result "1-0"]
[WhiteElo "1954"]
[BlackElo "1991"]
[PlyCount "135"]
[EventDate "2023.02.14"]
[EventType "swiss (blitz)"]
[EventRounds "11"]
[EventCountry "USA"]
[SourceTitle "CBM 212 Extra"]
[Source "ChessBase"]
[SourceDate "2023.03.31"]
[SourceVersion "1"]
[SourceVersionDate "2023.03.31"]
[SourceQuality "1"]

1. e4 c5 2. Nf3 Nc6 3. d4 cxd4 4. Nxd4 Nf6 5. Nc3 d6 6. Be2 e6 7. 0-0 Be7 8. Be3 0-0 9. f4 Bd7 10. Kh1 Nxd4 11. Qxd4 Bc6 12. Bf3 Qa5 13. Rad1 Rfd8 14. Qd2 b5 15. Nd5 Qxd2 16. Nxe7+ Kf8 17. Rxd2 Kxe7 18. e5 Nd5 19. exd6+ Kd7 20. Bd4 f6 21. g3 Rdc8 22. Kg2 Nb4 23. c3 Bxf3+ 24. Rxf3 Nd5 25. f5 Kxd6 26. fxe6 Kxe6 27. Rff2 Nb6 28. Rfe2+ Kf7 29. Bxb6 axb6 30. Rd7+ Kg6 31. a3 Rc6 32. Ree7 Rg8 33. Kf3 h5 34. Ke4 Rc4+ 35. Rd4 Rc5 36. Rd5 Rc4+ 37. Kf3 h4 38. Rxb5 hxg3 39. hxg3 Rc6 40. Rd5 Rh8 41. Rdd7 Rh7 42. Rc7 Rd6 43. Red7 Re6 44. Rc4 Rh1 45. Rg4+ Kf5 46. Rd5+ Re5 47. Rxe5+ fxe5 48. Rxg7 Rb1 49. g4+ Kf6 50. Rb7 Rxb2 51. Ke4 Ke6 52. g5 Rb3 53. Kd3 Rxa3 54. Rxb6+ Kf5 55. g6 Ra1 56. c4 Rg1 57. c5 e4+ 58. Ke3 Rg3+ 59. Kf2 Rf3+ 60. Ke2 Rg3 61. Kf2 Rg4 62. Rd6 Ke5 63. Ke3 Rg3+ 64. Ke2 Rg5 65. Ra6 Kd4 66. c6 Rg2+ 67. Kf1 Rxg6 68. c7 1-0

[Event "Titled Tuesday intern op 14th Feb Late"]
[Site "Chess.com INT"]
[Date "2023.02.14"]
[Round "1"]
[White "Oliveira, Tiago"]
[Black "Sherman, Reem"]
[Result "0-1"]
[WhiteElo "1991"]
[BlackElo "2151"]
[PlyCount "86"]
[EventDate "2023.02.14"]
[EventType "swiss (blitz)"]
[EventRounds "11"]
[EventCountry "USA"]
[SourceTitle "CBM 212 Extra"]
[Source "ChessBase"]
[SourceDate "2023.03.31"]
[SourceVersion "1"]
[SourceVersionDate "2023.03.31"]
[SourceQuality "1"]

1. d4 Nf6 2. c4 b6 3. Nc3 Bb7 4. Qc2 e6 5. e4 d5 6. e5 Ne4 7. cxd5 Nxc3 8. bxc3 exd5 9. Bd3 h6 10. Ne2 c5 11. Ng3 Nc6 12. 0-0 Be7 13. Nf5 Kf8 14. Ba3 g6 15. Nxe7 Qxe7 16. f4 Bc8 17. f5 gxf5 18. Bxf5 Bxf5 19. Rxf5 Rg8 20. Raf1 Rg7 21. Rf6 Na5 22. Qf2 Nc4 23. Bc1 Kg8 24. Bxh6 Rh7 25. Bg5 Qc7 26. Qg3 Kh8 27. R6f4 Kg8 28. Bf6+ Kf8 29. Rg4 Ke8 30. Rg8+ Kd7 31. Rxa8 Nd2 32. Rf2 Ne4 33. Qg4+ Kc6 34. Rb2 Kb7 35. Qf4 Kxa8 36. h3 cxd4 37. Rc2 d3 38. Rc1 Qc5+ 39. Kh2 d2 40. Rd1 Qxc3 41. e6 fxe6 42. Bd4 Qxd4 43. Qf8+ Kb7 0-1

[Event "Titled Tuesday intern op 14th Feb Late"]
[Site "Chess.com INT"]
[Date "2023.02.14"]
[Round "10"]
[White "Sailer, Mike L"]
[Black "Oliveira, Tiago"]
[Result "1-0"]
[WhiteElo "2109"]
[BlackElo "1991"]
[PlyCount "65"]
[EventDate "2023.02.14"]
[EventType "swiss (blitz)"]
[EventRounds "11"]
[EventCountry "USA"]
[SourceTitle "CBM 212 Extra"]
[Source "ChessBase"]
[SourceDate "2023.03.31"]
[SourceVersion "1"]
[SourceVersionDate "2023.03.31"]
[SourceQuality "1"]

1. d4 Nf6 2. Bg5 d5 3. Bxf6 gxf6 4. e3 e5 5. Nc3 Be6 6. Nf3 Bg7 7. Be2 c6 8. dxe5 fxe5 9. e4 d4 10. Nb1 Nd7 11. Nbd2 Nb6 12. 0-0 0-0 13. a4 a5 14. b3 c5 15. Bb5 Rc8 16. Ne1 c4 17. Nxc4 Nxc4 18. bxc4 Bxc4 19. Nd3 Bxb5 20. axb5 Rc3 21. Qb1 b6 22. f4 Qc7 23. Rf2 exf4 24. Nxf4 Qe5 25. Nd5 Rc5 26. Nxb6 Rxb5 27. Qf1 Rxb6 28. Rf5 Qe7 29. Raxa5 Rg6 30. Ra3 Qxe4 31. Raf3 Be5 32. Kh1 Qh4 33. h3 1-0

[Event "Ortigueira op 3rd"]
[Site "Ortigueira"]
[Date "2004.08.10"]
[Round "8"]
[White "Fernandez Borrego, Pablo"]
[Black "Oliveira, Tiago"]
[Result "1/2-1/2"]
[WhiteElo "1870"]
[BlackElo "2073"]
[PlyCount "77"]
[EventDate "2004.08.03"]
[EventType "swiss"]
[EventRounds "9"]
[EventCountry "ESP"]
[SourceTitle "CBM 101 Extra"]
[Source "ChessBase"]
[SourceDate "2004.09.01"]
[SourceVersion "2"]
[SourceVersionDate "2004.09.01"]
[SourceQuality "1"]

1. e4 c5 2. Nc3 d6 3. Nge2 Nf6 4. g3 g6 5. Bg2 Bg7 6. 0-0 0-0 7. h3 Nbd7 8. Kh2 Rb8 9. a4 a6 10. d4 b5 11. axb5 axb5 12. f4 cxd4 13. Nxd4 Bb7 14. Qd3 b4 15. Na4 Ra8 16. Qb3 Nc5 17. Qxb4 Bxe4 18. Bxe4 Ncxe4 19. Be3 Nd5 20. Qb3 e6 21. c4 Bxd4 22. cxd5 Bxe3 23. Qxe3 exd5 24. Qd4 Qa5 25. Nc3 Qc5 26. Qxd5 Rab8 27. Qxe4 Rxb2+ 28. Ne2 d5 29. Qf3 Re8 30. Rae1 Qc2 31. Rf2 d4 32. Kg2 d3 33. Nd4 Rxe1 34. Nxc2 dxc2 35. Qa8+ Kg7 36. Qa3 Rg1+ 37. Kf3 Rb3+ 38. Qxb3 c1Q 39. Qb2+ 1/2-1/2

[Event "Guimaraes op"]
[Site "Guimaraes"]
[Date "2004.01.17"]
[Round "4.5"]
[White "Oliveira, Tiago"]
[Black "Silva, Ivo Manuel Abreu E"]
[Result "1-0"]
[WhiteElo "1825"]
[BlackElo "1500"]
[PlyCount "51"]
[EventDate "2004.01.10"]
[EventType "swiss"]
[EventRounds "4"]
[EventCountry "POR"]
[SourceTitle "CBM 098 Extra"]
[Source "ChessBase"]
[SourceDate "2004.03.10"]
[SourceVersion "2"]
[SourceVersionDate "2004.03.10"]
[SourceQuality "1"]

1. d4 d5 2. Nf3 Nf6 3. c4 e6 4. Nc3 c6 5. Bg5 Be7 6. e3 h6 7. Bh4 0-0 8. Qc2 Nbd7 9. cxd5 Nxd5 10. Bxe7 Qxe7 11. Nxd5 cxd5 12. Rc1 a6 13. Bd3 e5 14. dxe5 Nxe5 15. Nxe5 Qxe5 16. 0-0 Be6 17. Qc3 Qg5 18. Rfd1 Rfc8 19. Qb4 b5 20. Qd4 Qd8 21. Be2 Qa5 22. a3 Rc7 23. b4 Qxa3 24. Rxc7 Qa2 25. Bf3 Rd8 26. e4 1-0

[Event "Guimaraes op"]
[Site "Guimaraes"]
[Date "2004.01.10"]
[Round "1.1"]
[White "Vasconcelos, Luis Miguel Amaral"]
[Black "Oliveira, Tiago"]
[Result "1/2-1/2"]
[WhiteElo "2204"]
[BlackElo "1825"]
[PlyCount "28"]
[EventDate "2004.01.10"]
[EventType "swiss"]
[EventRounds "4"]
[EventCountry "POR"]
[SourceTitle "CBM 098 Extra"]
[Source "ChessBase"]
[SourceDate "2004.03.10"]
[SourceVersion "2"]
[SourceVersionDate "2004.03.10"]
[SourceQuality "1"]

1. d4 d5 2. c4 e6 3. Nc3 Nf6 4. Nf3 c6 5. Qc2 Nbd7 6. Bg5 Qa5 7. Bd2 Bb4 8. a3 0-0 9. e3 Bxc3 10. Bxc3 Qd8 11. Bd3 b6 12. cxd5 cxd5 13. Bb4 Re8 14. Rc1 Bb7 1/2-1/2

[Event "POR-ch U20"]
[Site "Aveiro"]
[Date "2003.??.??"]
[Round "3.4"]
[White "Oliveira, Tiago"]
[Black "Tome, Daniel"]
[Result "1-0"]
[WhiteElo "1809"]
[BlackElo "2134"]
[PlyCount "95"]
[EventDate "2003.??.??"]
[EventType "swiss"]
[EventRounds "7"]
[EventCountry "POR"]
[SourceTitle "EXT 2004"]
[Source "ChessBase"]
[SourceDate "2003.11.25"]
[SourceVersion "1"]
[SourceVersionDate "2003.11.25"]
[SourceQuality "1"]

1. d4 Nf6 2. c4 g6 3. Nc3 d5 4. cxd5 Nxd5 5. e4 Nxc3 6. bxc3 Bg7 7. Bb5+ Bd7 8. Bxd7+ Nxd7 9. Nf3 c5 10. 0-0 0-0 11. Rb1 Qc7 12. g3 cxd4 13. cxd4 b6 14. Bf4 Qb7 15. Qd3 Rfc8 16. Rfc1 Nf8 17. Rxc8 Rxc8 18. Rc1 Ne6 19. Rxc8+ Qxc8 20. Be3 Qd7 21. d5 Nd8 22. Bd4 Qc7 23. Bxg7 Kxg7 24. Qd4+ f6 25. e5 Qc5 26. e6 Nb7 27. Kf1 Nd6 28. Qxc5 bxc5 29. Nd2 g5 30. Ke2 Kg6 31. Kd3 Kf5 32. Nc4 Nb7 33. Ne3+ Ke5 34. Kc4 a6 35. g4 Nd6+ 36. Kxc5 Ne4+ 37. Kc6 a5 38. Kd7 Nxf2 39. Kxe7 Ne4 40. Kf8 f5 41. e7 Nf6 42. gxf5 h5 43. e8Q+ Nxe8 44. Kxe8 g4 45. f6 Kxf6 46. a3 g3 47. hxg3 Ke5 48. d6 1-0